000 00374nam a2200145Ia 4500
008 230917s9999||||xx |||||||||||||| ||und||
040 _e243222
_aMAIN
041 _aEnglish
082 _a381.41311 M314M
100 _aManju
245 0 _aMarketing of wheat and gram on primary stage: A case study of Bhiwani District
260 _c2014
300 _a76 p.
942 _cTH
999 _c127550
_d127550